| 000 | 01061nam a22002417a 4500 | ||
|---|---|---|---|
| 003 | JO-AjAnu | ||
| 005 | 20251012123341.0 | ||
| 008 | 251012b jo ||||| |||| 00| 0 ara d | ||
| 020 | _a9789922722245 | ||
| 040 |
_aJO-AjAnu _bara _cJO-AjAnu _dJO-AjAnu _erda |
||
| 041 |
_aara _hara |
||
| 050 |
_aGV481 _b2025 |
||
| 100 | 1 |
_aكريم، وصال صبيح _eمؤلف _966774 |
|
| 245 | 0 |
_aالفيتامينات والنشاط البدني / _cتأليف وصال صبيح كريم، فاهم عبد الواحد عيسى، نور علي خضير |
|
| 250 | _aالطبعة الاولى | ||
| 260 |
_aبغداد : _bمؤسسة دار الصادق الثقافية، _c2025 |
||
| 300 | _a163 صفحة | ||
| 504 | _aيحتوي على مصادر ومراجع باللغتين العربية والانجليزية | ||
| 650 | 7 | 0 |
_aاللياقة البدنية- الفيتامينات _966775 |
| 700 | 1 |
_aعيسى، فاهم عبدالواحد _eمؤلف مشارك _966776 |
|
| 700 | 1 |
_aخضير، نور علي _eمؤلف مشارك _966777 |
|
| 942 |
_2lcc _cBK _n0 |
||
| 999 |
_c34056 _d34056 |
||